Сводный каталог российских нотных изданий. Т. 1: XVIII век (Запись № 7179329)

Подробности
000 -МАРКЕР
контрольное поле 01583nam2a22003491 4500
001 - ИДЕНТИФИКАТОР ЗАПИСИ
контрольное поле rc\73793
005 - ИДЕНТИФИКАТОР ВЕРСИИ
контрольное поле 20260129110403.0
035 ## - ДРУГИЕ СИСТЕМНЫЕ НОМЕРА
Идентификатор записи (NLR Aleph) 005390093
100 ## - ДАННЫЕ ОБЩЕЙ ОБРАБОТКИ
Данные общей обработки 20021216d1996 u y0rusy50 ca
101 0# - ЯЗЫК РЕСУРСА
Язык текста, звукозаписи и т.д. русский
102 ## - СТРАНА ПУБЛИКАЦИИ ИЛИ ПРОИЗВОДСТВА
Страна публикации Российская Федерация
105 ## - ПОЛЕ КОДИРОВАННЫХ ДАННЫХ: ТЕКСТОВЫЕ МАТЕРИАЛЫ, МОНОГРАФИЧЕСКИЕ
Кодированные данные о монографическом текстовом документе y |||||||||
135 ## - ПОЛЕ КОДИРОВАННЫХ ДАННЫХ: ЭЛЕКТРОННЫЕ РЕСУРСЫ
Кодированные данные для электронного ресурса crmn mmmanaba
200 1# - ЗАГЛАВИЕ И СВЕДЕНИЯ ОБ ОТВЕТСТВЕННОСТИ
Основное заглавие XVIII век
Первые сведения об ответственности [Сост. И.Ф. Безуглова и др.
Последующие сведения об ответственности Ред. Н.А. Ефимова, к. п. н. Н.В. Таланкина]
210 ## - ПУБЛИКАЦИЯ, РАСПРОСТРАНЕНИЕ И ДР.
Дата издания, распространения и т.д. 1996
215 ## - ФИЗИЧЕСКАЯ ХАРАКТЕРИСТИКА
Специфическое обозначение материала и объем 179 с.
320 ## - ПРИМЕЧАНИЯ О НАЛИЧИИ В ДОКУМЕНТЕ БИБЛИОГРАФИИ / УКАЗАТЕЛЯ
Текст примечания Библиогр.: с. 174-179
325 1# - ПРИМЕЧАНИЕ О КОПИИ
Текст примечания Копия доступна в электронной библиотеке РНБ
461 #0 - УРОВЕНЬ НАБОРА
Встроенное поле 001RU\NLR\bibl\930008
-- 2001#$aСводный каталог российских нотных изданий$fРос. нац. б-ка [и др.]$vТ. 1
Системный номер (АБИС) связанной записи 83150
Место публикации Санкт-Петербург
Дата публикации 1996-
Первые сведения об ответственности Рос. нац. б-ка [и др.]
Имя издателя, распространителя и т.д. Российская национальная библиотека
Заглавие Сводный каталог российских нотных изданий
Номер тома Т. 1
801 #0 - ИСТОЧНИК ЗАПИСИ
Страна Российская Федерация
Организация NLR
Правила каталогизации psbo
801 #1 - ИСТОЧНИК ЗАПИСИ
Страна Российская Федерация
Организация ELAR
Источник данных rusmarc
852 ## - МЕСТОНАХОЖДЕНИЕ И ШИФР ХРАНЕНИЯ
Идентификатор организации NLR
Наименование фонда или коллекции (Sub-Location Identifier) С
Шифр хранения (Call Number) К-2/6914
856 #0 - МЕСТОНАХОЖДЕНИЕ ЭЛЕКТРОННЫХ РЕСУРОВ И ДОСТУП К НИМ
Универсальный идентификатор ресурса (Uniform Resource Identifier) https://vivaldi.nlr.ru/bx000029694/view
856 #1 - МЕСТОНАХОЖДЕНИЕ ЭЛЕКТРОННЫХ РЕСУРОВ И ДОСТУП К НИМ
Универсальный идентификатор ресурса (Uniform Resource Identifier) https://vivaldi.nlr.ru/bx000029694/cover
856 #2 - МЕСТОНАХОЖДЕНИЕ ЭЛЕКТРОННЫХ РЕСУРОВ И ДОСТУП К НИМ
Универсальный идентификатор ресурса (Uniform Resource Identifier) https://vivaldi.nlr.ru/bx000029694/text
942 ## - ДОПОЛНИТЕЛЬНЫЕ ЭЛЕМЕНТЫ ЗАПИСИ (АБИС)
Тип экземпляра АБИС Книга
980 ## - КОЛЛЕКЦИЯ
Название коллекции Национальная библиография
981 18 - КОЛЛЕКЦИЯ ЭЛЕКТРОННОЙ БИБЛИОТЕКИ
Название коллекции Планета РНБ
Название подколлекции Труды сотрудников РНБ
Экземпляры
Тип экземпляра Дата поступления Библиотека постоянного хранения Библиотека текущего хранения Место хранения Шифр хранения Штрих-код Статус экземпляра Источник поступления Стоимость
Книга 26.10.2013 РНБ (Московский) РНБ (Московский) Центральная справочная библиотека С К-2/6914 1-2819852      
Книга 24.09.2019 РНБ (Московский) РНБ (Московский) Центральная справочная библиотека С К-2/6914 1-2819853      
Книга 11.06.2021 РНБ (Московский) РНБ (Московский) Обменный фонд обм 2021/384 1-3341937 Доставлен в Фoнд    
Книга 17.06.2022 РНБ (Московский) РНБ (Московский) Обменный фонд   1-3838934     125.00
Книга 17.02.2025 РНБ (Московский) РНБ (Московский) Обменный фонд обм 2025/119 1-4823898 Доставлен в Фoнд Контрольный экземпляр из типографии 100.00
Книга 29.01.2019 РНБ (Садовая) РНБ (Садовая) Фонд международного книгообмена   1-2085431 Готов к отправке заказом МКО Обязательный экземпляр 300.00